000
00319nam a2200109Ia 4500
008
200302s9999 xx 000 0 und d
100
_a
Madhavi Desai
245
_a
Traditional Architecture House from of the Islamic Community of Bohras in Gujarat
260
_b
Design directions Pvt. Ltd.
260
_c
2007
300
_a
120
999
_c
3679
_d
3679